000 00355cam a22001097a 4500
008 180718b1948 xxu||||| |||| 00| 0 eng d
082 _aT2000x5452 M262
245 _aFinal report of the industrial planning committee
_cby Development Department
260 _aMadras
_bGovernment Press
_c1948
300 _a214+p.
700 _aTamil Nadu. Development Department
999 _c497561
_d497561